00553nam a22001817a 4500003000200000005001700002008004100019020002200060050002600082100001800108245004500126250001700171260006000188300004300248500001400291501005200305650001400357020230829093449.0230829b xxu||||| |||| 00| 0 eng d a978-1-382-01659-9 aTR QC 32 b.H766 2023 aHomer, David  aPhysics : course companioncDavid Homer  a2023 edition aLondon, United KingdombOxford University Presscc2023. axi, 713 pages :bcol. ill. ; c28 cm.  aPhysics.  aIncludes bibliographical references and index.  aPhysics.